书目信息 |
| 题名: |
李宗仁大传
|
|
| 作者: | 荣维木, , 荣维木 著 | |
| 分册: | ||
| 出版信息: | 北京 团结出版社 2008.03 |
|
| 页数: | 394页, [16] 页图版 | |
| 开本: | 23cm | |
| 丛书名: | 民国系列 | |
| 单 册: | ||
| 中图分类: | K827.7 | |
| 科图分类: | ||
| 主题词: | 李宗仁--Zheng Zhi Ren Wu--传记--中国--现代 | |
| 电子资源: | ||
| ISBN: | 978-7-80214-361-6 | |
| 000 | 01111nam 2200289 450 | |
| 001 | CAL 012008077746 | |
| 005 | 20111230192926.10 | |
| 010 | @a978-7-80214-361-6@dCNY42.80 | |
| 099 | @aCAL 012008077746 | |
| 100 | @a20080421d2008 ekmy0chiy50 ea | |
| 101 | 0 | @achi |
| 102 | @aCN@b110000 | |
| 105 | @aacfhz 000yb | |
| 200 | 1 | @a李宗仁大传@ALi Zong Ren Da Zhuan@f荣维木著@Frong wei mu zhu |
| 210 | @a北京@c团结出版社@d2008.03 | |
| 215 | @a394页, [16] 页图版@c图, 肖像, 摹真@d23cm | |
| 225 | 2 | @a民国系列@AMin Guo Xi Lie |
| 330 | @a李宗仁是现代中国的传奇人物,他生在清朝光绪十七年 (1891年),是广西桂林人,1969年死在北京,活了79岁。李宗仁一生的最大特色,就是他以杂牌军的军头地位,与黄埔系一路分分合合二十多年,而始终没被“吃掉”。 | |
| 410 | 0 | @12001 @a民国系列 |
| 600 | 0 | @a李宗仁,@ALi Zong Ren@f1891-1969@x传记 |
| 606 | 0 | @a李宗仁@AZheng Zhi Ren Wu@x传记@y中国@z现代 |
| 690 | @aK827.7@v4 | |
| 701 | 0 | @a荣维木,@ARong Weimu@f1952-@4著@3CAL n2004222148#@7jt0yjt0y@7ec0yec0y |
| 701 | 0 | @a荣维木@Arong wei mu@4著 |
| 801 | 0 | @aCN@bNUL@c20111230 |
| 905 | @aZUCC@dK827.7@eL347@f3 | |
| 998 | @aNUL | |
| 李宗仁大传/荣维木著.-北京:团结出版社,2008.03 |
| 394页, [16] 页图版:图, 肖像, 摹真;23cm.-(民国系列) |
| ISBN 978-7-80214-361-6:CNY42.80 |
| 李宗仁是现代中国的传奇人物,他生在清朝光绪十七年 (1891年),是广西桂林人,1969年死在北京,活了79岁。李宗仁一生的最大特色,就是他以杂牌军的军头地位,与黄埔系一路分分合合二十多年,而始终没被“吃掉”。 |
| ● |
| 相关链接 |
|
|
|
正题名:李宗仁大传
索取号:K827.7/L347
 
预约/预借
| 序号 | 登录号 | 条形码 | 馆藏地/架位号 | 状态 | 备注 |
| 1 | 1193125 | 211931258 | 社科库309/309社科库 59排6列2层/ [索取号:K827.7/L347] | 在馆 | |
| 2 | 1193126 | 211931267 | 社科库309/309社科库 59排6列2层/ [索取号:K827.7/L347] | 在馆 | |
| 3 | 1193127 | 211931276 | 社科库309/309社科库 59排6列2层/ [索取号:K827.7/L347] | 在馆 |